000 04696namaa22004331i 4500
003 EG-GICUC
005 20260423162117.0
008 260423s2025 ua a|||frm||| 000 0 eng d
040 _aEG-GICUC
_beng
_cEG-GICUC
_dEG-GICUC
_erda
041 0 _aeng
_beng
_bara
049 _aDeposit
082 0 4 _a624.1
092 _a624.1
_221
097 _aPh.D
099 _aCai01.13.05.Ph.D.2025.Ah.E
100 0 _aAhmed Abdallah Saiedahmed Elgohary,
_epreparation.
245 1 0 _aEffect of flexural, and punching shear reinforcement on the punching behaviour of reinforced concrete flat slabs /
_cby Ahmed Abdallah Saiedahmed Elgohary ; Supervision Prof. Dr. Mohamed Rabie Mahmoud Hussain, Dr. Mohamed Samy Yousef.
246 1 5 _aتأثير صلب تسليح الإنحناء والكانات علي سلوك القص الثاقب للبلاطات الخرسانية المسلحة
264 0 _c2025.
300 _a103 pages :
_billustrations ;
_c30 cm. +
_eCD.
336 _atext
_2rda content
337 _aUnmediated
_2rdamedia
338 _avolume
_2rdacarrier
502 _aThesis (Ph.D)-Cairo University, 2025.
504 _aBibliography: pages 101-103.
520 3 _aPunching shear is one of the most important phenomena to be considered during the design of reinforced concrete flat slabs, as this type of failure is brittle and occurs without prior warning. The main factors that affect punching strength are compressive strength, and punching reinforcement in the form of stirrups, or other shapes. In this research, eighteen half-scale specimens are tested with square dimensions of 1100 mm, and a thickness of 120 mm. All specimens were connected to a square column of dimensions 150×150 mm. The main parameters considered in this research included spacing between stirrups, number of stirrups branches, concrete strength, and ratio of the flexural reinforcement. The experimental and analytical results were analyzed and compared with the predicted values from various international design codes. The punching shear equation was proposed that is less conservative than the code provisions and shows closer agreement with both experimental and analytical results.
520 3 _aالبلاطات المسطحة لها دوراً هاماً في المباني الخرسانية نظراً لمرونتها المعمارية وتعتبر ظاهرة القص الثاقب من أهم الظواهر التي يجب مراعاتها أثناء تصميم البلاطات الخرسانية المسلحة، حيث أن هذا النوع من الانهيارات انهيار قصف ولا ينبئ بالإنذارات المسبقة قبل الانهيار، ويمكن تلخيص العوامل الرئيسية التي تؤثر على القص الثاقب في الخرسانة الي اجهاد الخرسانة، وصلب تسليح الانحناء، والكانات باشكالها المختلفة، لذلك تناول هذا البحث تقييم مساهمة صلب تسليح الانحناء الطولي، والكانات علي مقاومة القص الثاقب وذلك من خلال صب واختبار ثمانية عشرة عينة بابعاد العينات 1100×1100 مم وسمك 120 مم. يتوسط العينات عمود مربع بأبعاد 150×150 مم. وقد تم في هذا البحث دراسة متغيرات مختلفة تتنوع بين المسافة بين الكانات وعرضها وعدد فروعها ونسبة صلب تسليح الانحناء كما تم تحليل النتائج العملية والنظرية ومقارنتها بالقيم المقدرة من أكواد التصميم الدولية المختلفة ومن ثم استنتاج معادلة للقص الثاقب تكون اقل تحفظا من قيم الاكواد واقرب ما يكون للنتائج المعملية والنظرية.
530 _aIssued also as CD
546 _aText in English and abstract in Arabic & English.
650 0 _aStructural Engineering
650 0 _aالهندسة الانشائية
653 1 _aPunching shear
_aFlexural reinforcement
_aStirrups
_aConcrete strength
_aProposed equations
_aالقص الثاقب
_aصلب تسليح الانحناء
700 0 _aMohamed Rabie Mahmoud Hussain
_ethesis advisor.
700 0 _aMohamed Samy Yousef
_ethesis advisor.
900 _b01-01-2025
_cMohamed Rabie Mahmoud Hussain
_cMohamed Samy Yousef
_dMohamed Talat Mostafa
_dZaki Ibrahiem Mahmoud
_UCairo University
_FStructural Engineering
_DDepartment of Structural Engineering
905 _aShimaa
942 _2ddc
_cTH
_e21
_n0
999 _c179705